| 000 | 00812nam a22001817a 4500 | ||
|---|---|---|---|
| 003 | OSt | ||
| 005 | 20260327132243.0 | ||
| 008 | 260327b |||||||| |||| 00| 0 eng d | ||
| 040 | _c0 | ||
| 082 | _aDPer 907.9 J826 January-December 2016 v.62 | ||
| 100 |
_aLagman, Marco Stefan B. _eauthor. _970290 |
||
| 245 |
_aFrom Lands Far Away : _bManila's Migrants from the Visayas, Mindanao and Other Islands during the 1880s-1890s / _cMarco Stefan B. Lagman |
||
| 260 |
_aUP, Diliman, Quezon City, Metro Manila, Philippines ; _bThe Philippine National Historical Society, Inc. , _cJanuary-December 2016. |
||
| 300 |
_avolume 62, 233-265 : _billustration ; _c24cm. |
||
| 500 | _aThe Journal of History, Vol. 62, Pages 233-265, January-December, 2016 | ||
| 700 |
_aLagman, Marco Stefan B. _eauthor. _970290 |
||
| 942 |
_2ddc _cPER |
||
| 999 |
_c24517 _d24517 |
||